Capitals of gulf Countries - Statistics

General Stats
  • This quiz has been taken 29 times
  • The average score is 11 of 13
Answer Stats
Country City % Correct
United Arab Emirates Abu Dhabi
100%
Qatar Doha
100%
Isreal Jerusalem
100%
Palestine Jerusalem
100%
Saudi Arabia Riyadh
100%
Lebanon Beirut
86%
Kuwait Kuwait City
86%
Bahrain Manama
86%
Oman Muscat
86%
Yemen Sanaa
86%
Jordan Amman
71%
Iraq Bagdad
57%
Iran Teheran
29%
No matching quizzes found
Score Distribution
Percent of People with Each Score
Percentile by Number Answered
Your Score History
You have not taken this quiz